[Event "BL2-Nord 1920"]
[Site "Germany"]
[Date "2019.11.24"]
[Round "4.3"]
[White "Muse, Mladen"]
[Black "Sieciechowicz, Marcin"]
[Result "1/2-1/2"]
[WhiteElo "2387"]
[BlackElo "2366"]
[PlyCount "46"]
[EventDate "2019.10.19"]
[EventType "team-tourn"]
[EventRounds "9"]
[EventCountry "GER"]
[SourceTitle "CBM 194 Extra"]
[Source "ChessBase"]
[SourceDate "2020.03.31"]
[SourceVersion "1"]
[SourceVersionDate "2020.03.31"]
[SourceQuality "1"]
[WhiteTeam "Koenig Tegel"]
[BlackTeam "Ruedersdorf Glueckauf"]
[WhiteTeamCountry "GER"]
[BlackTeamCountry "GER"]

1. Nf3 Nf6 2. g3 g6 3. b3 Bg7 4. Bb2 0-0 5. Bg2 d6 6. d4 e5 7. dxe5 Ng4 8. h3 Nxe5 9. Nxe5 Bxe5 10. Bxe5 dxe5 11. Qxd8 Rxd8 12. Nd2 c6 13. 0-0-0 Be6 14. Nc4 Nd7 15. Na5 Rab8 16. Bxc6 bxc6 17. Nxc6 Rdc8 18. Nxb8 Nxb8 19. Kb2 Kf8 20. g4 Ke7 21. e3 Nc6 22. f4 e4 23. Rh2 a5 1/2-1/2

[Event "BL2-Nord 1920"]
[Site "Germany"]
[Date "2019.11.23"]
[Round "3.4"]
[White "Muse, Mladen"]
[Black "Seyb, Alexander"]
[Result "1/2-1/2"]
[WhiteElo "2387"]
[BlackElo "2429"]
[PlyCount "39"]
[EventDate "2019.10.19"]
[EventType "team-tourn"]
[EventRounds "9"]
[EventCountry "GER"]
[SourceTitle "CBM 194 Extra"]
[Source "ChessBase"]
[SourceDate "2020.03.31"]
[SourceVersion "1"]
[SourceVersionDate "2020.03.31"]
[SourceQuality "1"]
[WhiteTeam "Koenig Tegel"]
[BlackTeam "Berlin SF II"]
[WhiteTeamCountry "GER"]
[BlackTeamCountry "GER"]

1. Nf3 c5 2. c4 Nf6 3. Nc3 d5 4. cxd5 Nxd5 5. g3 Nc6 6. Bg2 g6 7. d3 Bg7 8. Bd2 0-0 9. h4 Nxc3 10. Bxc3 e5 11. Ng5 Bd7 12. a3 Qe7 13. 0-0 Rab8 14. b4 cxb4 15. axb4 a6 16. Rb1 b5 17. Ne4 Rb6 18. Qd2 Bg4 19. Rfe1 Rd8 20. Qa2 1/2-1/2